Quizzes
Events
Quiz Creation
Community
Videos
Private Events
Remove Ads
Sign In
Join for FREE
Feedback
Dark Mode
Quiz Categories
Sports
Geography
Music
Movies
Television
Just For Fun
Miscellaneous
History
Literature
Language
Science
Gaming
Entertainment
Religion
Holiday
For Kids
Quiz Lab
Recent
Popular Today
Quiz Kudos Today
Editor Picks
Curator Picks
Quizzes by...
Day
Popularity
Type
Ratings
Length
Year
Community
Subscriptions
Recent Discussions
Orange Saloon
Badges
Playlists
Quests
Create
Leaderboards
Showdown
Live 5
Trivia Bingo
Activity
Puzzle Library
Sporcle Events
Private Events
Virtual Trivia
Globe League
Become a Host
Pub Owners
SporcleCon
Opinionation
Our Games
Videos
Blog
Mobile Apps
Partnerships
Remove Ads and Go Orange
Feedback
Music
Pop Music
The Beatles
Song
Album
Lyrics
Bands
Singers
Artist
Clip
Rock
Rap
Classical
Billboard
Country Music
Kpop
Taylor Swift
Music
Pop Music
The Beatles
Song
Album
Lyrics
Bands
Singers
Artist
Clip
Rock
Rap
Classical
Billboard
Country Music
Kpop
Taylor Swift
Random Quiz
Search Sporcle
×
Quiz Lab
Quiz Lab
Music
Lyrics
Type in answers that appear in a list
Type in answers that appear in a list
Classic
Best Score? Go Orange.
Word Disassociation Lyrics Stats
Can you name the words mentioned in Lemon Demon's 'Word Disassociation'?
By
Ellix
10m
198 Questions
255 Plays
255 Plays
255 Plays
Comments
Comments
Give Quiz Kudos
Give Quiz Kudos
-
- Ratings
hide this ad
More Info
Replay
Link that replays current quiz
Next Quiz
Link to next quiz in quiz playlist
You Got
0%
They Got
Avg Score
53%
Avg Friend Score
Upgrade to see
Score Distribution
Jump to the score distribution portion of the page
Score
0/198
Timer
10:00
0
Plays Today
Word
% Correct
WORD
88.5%
DISASSOCIATION
86.9%
enemy
85.7%
lasagna
85.3%
wax
85.3%
slacks
83.7%
aqua
83.3%
semiautomatic
82.1%
robust
81.3%
below
81.3%
unibrow
81.3%
accompany
81%
gymnastic
81%
concubine
79%
why
78.6%
motorcycle
78.6%
why
78.6%
cow
77.8%
coffee
77%
human
77%
wine
76.6%
damn
76.2%
spidery
76.2%
abundant
75%
abundant
75%
who
74.6%
remorse
74.6%
after
74.6%
force
74.6%
flight
74.6%
pale
74.2%
vitamin
74.2%
extra
73.8%
through
73.8%
smoke
73.4%
plastic
72.6%
nightly
72.6%
goodbye
72.6%
jettison
72.2%
uprise
71.8%
everything
71%
luminary
71%
clockwise
71%
broke
69.8%
holiday
69.4%
center
69%
nested
68.7%
applause
68.7%
engineer
68.7%
already
68.3%
way
68.3%
flouncy
68.3%
existential
67.9%
oxymoron
67.5%
claws
67.5%
entanglement
67.1%
sneer
67.1%
unsophisticated
66.3%
hilarious
66.3%
various
65.9%
father
65.5%
apprehensive
65.5%
applied
64.3%
undressing
63.9%
dethrone
63.9%
never
63.5%
Word
% Correct
underneath
63.1%
blue
63.1%
redundant
62.7%
panicky
62.3%
million
61.9%
rectangular
61.5%
therapy
61.5%
metaphorically
61.1%
awkward
61.1%
wish
61.1%
lickity-split
60.7%
antidisestablishmentarianism
60.7%
hurt
60.3%
smile
60.3%
controvert
60.3%
inside
59.9%
backwards
59.9%
fall
59.5%
guillotine
59.5%
play
59.5%
fingernail
58.3%
wall
58.3%
parasol
58.3%
agnostic
57.9%
platypus
57.5%
okay
57.1%
jellyfish
57.1%
while
56.7%
licorice
56.7%
brain
56%
chimneysweep
55.6%
communique
55.6%
my
54.8%
creamy
54.8%
uncle
54.4%
gentle
54.4%
gentlemanly
54%
elusive
53.6%
yellow
53.2%
cleverly
53.2%
prance
52.8%
jungle
52.8%
monorail
52.8%
earmuff
52.4%
entertain
52.4%
oppressive
52.4%
eleven
52%
hatred
52%
raisin
52%
mechanical
52%
porridge
52%
Playing...
51.6%
omelette
51.2%
terrible
51.2%
medical
51.2%
truth
50%
hula
49.6%
psychedelic
49.6%
sketching
48.8%
paleobotanical
48.4%
polyurethane
47.2%
scrumptious
46.8%
rathskeller
46.4%
dust-bunny
46.4%
stalking
46%
helium
45.2%
Word
% Correct
opera
44%
sawdust
43.7%
serenade
43.7%
skullduggery
42.5%
dollar
42.5%
sauntering
42.1%
akimbo
41.7%
violin
41.3%
jade
41.3%
a-cappella
41.3%
bionic
41.3%
velocity
40.9%
ruby
40.9%
staple-gun
38.9%
explode
38.5%
quickly
38.1%
no
37.7%
murderous
37.3%
weird
35.3%
meringue
35.3%
advertisement
35.3%
paranoia
34.9%
distraction
34.9%
about
34.9%
lobsters
33.7%
pelican
33.3%
love
33.3%
over
32.9%
sly
32.1%
assuming
32.1%
mister
32.1%
freezer
31.3%
face
31.3%
apostrophe
30.6%
imposter
30.6%
crouch
30.2%
monocle
29.4%
milk
29.4%
pining
29.4%
spoil
29%
suitcase
29%
letter
28.2%
television
28.2%
clear
27.8%
cool
27%
freak
25.8%
melt
25%
flames
24.6%
bubblegum
23.4%
sever
23%
crush
23%
drip
22.6%
reality
22.6%
periscope
21.8%
elephant
21.8%
tongue
20.6%
space
20.2%
mellow
18.7%
silly
17.5%
toy
17.1%
domino
17.1%
king
16.7%
fight
15.9%
spoon
14.3%
maybe
13.5%
feather
13.5%
Quiz Playlist
Details
Report
Send in Message
Add To Playlist
More Info:
Try to type along with the song or, for a true challenge, try it by memory! (Lyrics start around the 0:29 mark)
Classic:
Type in answers that appear in a list
Quiz Source
Last Updated: Feb 16, 2017
Quiz Scoreboard
CHALLENGE
Sign Up to Join the Scoreboard
Show All
Scores
Hide
Comments
May contain spoilers
Recently Published
9x9 Crossword: Cartoon Network
by jackfrog10
Miscellaneous
3m
College Basketball Coaching Resumes
by pancakes188
Sports
9m
Billboard Blitz: Fleetwood Mac
by CooCooCachoo
Music
15s
More to Explore
Quiz From the Vault
Featured Blog Post
Where Did the Easter Bunny Come From?
hide this ad
You Might Also Like...
Tags
Lyrics Quiz
Audio Quiz
demon
lemon
Lemon Demon
mentions
Today's Top Quizzes in Music
Browse Music
hide this ad
Today's Top Quizzes in Lyrics
Browse Lyrics
Top Contributed Quizzes in Music
1
Taylor Swift All Songs (2024)
2
Guess the Artist- 70s Songs
3
7-to-1: Billboard Hot 100 #1 Hits of 2010s
4
Sorting Albums and Songs
5
Taylor Swift Logic Puzzle
6
KPOP LOGIC QUIZ
7
Guess the Taylor Swift song (Mystery Song)
8
Guess The Taylor Swift Lyrics Song #1
9
Billboard Blitz: ABBA
10
One Thing in Common: Music
Explore More
Trending Topics
Kpop
Harry Potter
Marvel
Disney
NBA
Crossword
Anime
NFL
Country
Puzzle
The Office
Soccer
Song
WWE
Pokémon
hide this ad
More By:
Ellix
Quiz
Plays
Rating
Category
Featured
Created
Poké Ball by Picture
153,586
4.55
Gaming
Jun 7, 2012
Accidental Inventions
104,126
4.61
History
Mar 10, 2010
Eponymous Diseases A-Z
96,192
4.45
Science
Mar 5, 2010
Theme from Symbols
94,004
4.49
Miscellaneous
May 2, 2010
Wikipedia's Edit Wars
76,153
4.68
Just For Fun
Jan 22, 2011
Go to Creator's Profile
Score Distribution
Quiz Creator Spotlight
Ellix
Follow
Send a Message
Quizzes Created
-
Created Quiz Play Count
-
More By This Creator
Popular Quizzes Today
1
Find the US States - No Outlines Minefield
2
Find the Countries of Europe - No Outlines Minefield
3
The Countries of the World
4
Find the US States
5
Risky Map Clicking: Biggest States A-Z
6
US States
7
Popular People in 1961
8
Movies - When Are They Set?
More Music Quizzes
'Daydream Believer' Lyrics
Published
Trending Quizzes
Risky Map Clicking: Least Populous States A-Z
1-10 Letter G Words
1-10 Letter F Words
Risky Map Clicking: Next State Alphabetically
Adjectives in 80s TV Shows
Recently Updated
Leaping Animals
pecheneg
Reality TV Shows (A-Z)
bhenderson79
Rickey Henderson's Hall of Fame Teammates
pecheneg
Champions League XIs: Arsenal
pecheneg
Quick Pick: Celebrities in WWE's Hall of Fame
aduchscher
A-Z Keypad Blitz II
pecheneg
Multiple Oscar Actors
pecheneg
Mystery Phrase Blitz: Oscar 'Best Actors'
pecheneg
F. Scott Fitzgerald Novels
LTH
Pick 3 Villains
ddd62291
Trending Topics
Harry Potter
Anime
Crossword
NBA
Kpop
Marvel
Disney
Pokémon
Country
Song
WWE
Puzzle
The Office
NFL
Soccer
Your Account Isn't Verified!
In order to create a playlist on Sporcle, you need to verify the email address you used during registration. Go to your
Sporcle Settings
to finish the process.
Report this User
Report this user for behavior that violates our
Community Guidelines
.
Details:
Send Report
Go to the Sporcle.com Mobile Site →
Comments